Normal view
MARC view
- Runways (Aeronautics)
Entry Topical Term
001 - CONTROL NUMBER
- control field: 20858
003 - CONTROL NUMBER IDENTIFIER
- control field: NUST
005 - DATE AND TIME OF LATEST TRANSACTION
- control field: 20190918104419.0
008 - FIXED-LENGTH DATA ELEMENTS
- fixed length control field: 190918|| aca||aabn | a|a d
040 ## - CATALOGING SOURCE
- Original cataloging agency: NUST
- Transcribing agency: NUST
150 ## - HEADING--TOPICAL TERM
- Topical term or geographic name entry element: Runways (Aeronautics)
670 ## - SOURCE DATA FOUND
- Source citation: Work cat.: (NUST)0: Wire Reinforcement Institute. Technical Committee. 20857, Design of concrete pavements for airports;, [1960]
